Curso de informática personal Excel 2000 Access 2000

Bibliographic Details
Main Author: España.Cultural S.A.
Format: Section = Libro
Language:Undetermined
Spanish
Published: España Cultural 2001
Subjects:
LEADER 00582nam a2200217Ia 4500
008 240829s9999 xx 000 0 und d
020 |a 84-8055-428-2 
040 |a BIBLIOTECA-RUSB/ Ref 004 E77 
041 |a spa 
082 |a Ref 004 E77 
100 1 |a España.Cultural S.A. 
245 1 0 |a Curso de informática personal Excel 2000 Access 2000 
260 |a España  |b Cultural  |c 2001 
300 |a 352 p. :il. 
650 7 |a INFORMATICA 
650 7 |b  PROGRAMACION 
650 7 |c  LENGUAJE C - HISTORIA 
650 7 |d  ESTRUCTURA DE DATOS 
942 |c BK  |2 ddc 
991 |a TEXTO 
999 |c 5612